00731nam a2200217Ia 450000500170000000800410001702000190005804100080007708200150008510000220010024500590012226000410018130000090022250000290023165000360026070000220029690600100031894200070032899900170033595201610035220251121151713.0230125s9999 xx 000 0 und d a97881849559284 aeng a158.1bPEA aPeale N V9215130 aPositive ImagingbThe powerful way to change Your Life c2016bJaico Publishing HouseaMumbai a172p aPersonality Development  aPersonality Development9213420 aPeale N V9215130 b69.75 cBK c94480d94480 00104070aHIMRbHIMRd2017-02-03eSuyog Enterprisesg225.00i3715l0o158.1 PEA B14978pHIMR-BK-14978r2023-01-25 00:00:00v155.25w2017-01-27yBKzB14978